Welcome to the Holygrace Academy Library

Please use search bar below to get started

OBJECTIVE TYPE QUESTIONS IN MATHEMATICS (Record no. 643)

MARC details
000 -LEADER
fixed length control field 00346nam a22001337a 4500
020 ## - INTERNATIONAL STANDARD BOOK NUMBER
ISBN 978-81-7855-406-8
082 ## - DEWEY DECIMAL CLASSIFICATION NUMBER
Classification number 510
Item number AGG/O
100 ## - MAIN ENTRY--AUTHOR NAME
Personal name M.L.AGGARWAL
245 ## - TITLE STATEMENT
Title OBJECTIVE TYPE QUESTIONS IN MATHEMATICS
Remainder of title CLASS XII
260 ## - PUBLICATION, DISTRIBUTION, ETC. (IMPRINT)
Place of publication DELHI
Name of publisher ARYA PUBLICATIONS
Year of publication 2008
300 ## - PHYSICAL DESCRIPTION
Number of Pages 64
650 ## - SUBJECT ADDED ENTRY--TOPICAL TERM
Topical Term MATHS QUESTIONS FOR CLASS XII
Geographic subdivision INDIA
942 ## - ADDED ENTRY ELEMENTS (KOHA)
Koha item type Books
Holdings
Withdrawn status Lost status Collection code Home library Current library Shelving location Date acquired Source of acquisition Cost, normal purchase price Full call number Accession Number Koha item type
    Reference Main Library Main Library SHELF-10 D PLUS 2 -MATHS 16/06/2009 purchase 24.00 510 AGG/O 04625 Books